| 000 | 01055cam a2200217 4500 | ||
|---|---|---|---|
| 001 | WB3835-11 | ||
| 008 | 020924n2002 000 0 eng u | ||
| 035 | _a(Sirsi) u119812 | ||
| 245 | _aRight to buy costs, says shelter | ||
| 260 | _c2002 | ||
| 490 |
_aShelter Press Release _v 23 September 2002, (6) |
||
| 520 | _aReport from Shelter argues that the Right to Buy is costing the taxpayer billions and increasing the misery of homelessness. Ben Jackson the director of Shelter says the whole scheme is a waste of money as the discounts given to tenants under the scheme over the last five years add up to nearly £4.5bn and this is more than the subsidy for affordable housing over the same period. The government is then having to spend billions on building new affordable homes to replace the ones sold under the scheme. | ||
| 590 | _aWB | ||
| 650 | _aSHELTER | ||
| 650 | _aRIGHT TO BUY | ||
| 650 |
_aAffordable housing _96215 |
||
| 650 | _aSOCIAL HOUSING | ||
| 650 | _aTEMPORARY HOUSING | ||
| 690 |
_aAffordable housing _96215 |
||
| 942 | _n0 | ||
| 999 |
_c71203 _d71203 |
||